000 00354nam a2200145Ia 4500
100 _aNiyogi/Pradip/ chakrabartty/S.K
650 _acomputational fluid dynamics
942 _cBK
366 _f20
654 _afluid
245 _aIntroduction to computational fluid dynamics
260 _bPearson Education
_c2006
300 _a581
546 _aENGLISH
999 _c18552
_d18552